Actors who worked with Shawn Levy - Statistics

General Stats
  • This quiz has been taken 15 times
  • The average score is 19 of 74
Answer Stats
Films Answer % Correct
Night at the Museum, Night at the Museum: Battle of the Smithsonian, Night at the Museum: Secret of the Tomb Ben Stiller
100%
Reel Steel, Night at the Museum: Secret of the Tomb, Deadpool & Wolverine Hugh Jackman
100%
Free Guy, The Adam Project, Deadpool & Wolverine Ryan Reynolds
100%
Night at the Museum, Night at the Museum: Battle of the Smithsonian, The Internship, Night at the Museum: Secret of the Tomb Owen Wilson
88%
Night at the Museum, Night at the Museum: Battle of the Smithsonian, Night at the Museum: Secret of the Tomb Rami Malek
88%
Night at the Museum, Night at the Museum: Battle of the Smithsonian, Night at the Museum: Secret of the Tomb Robin Williams
88%
Night at the Museum, Night at the Museum: Secret of the Tomb Mickey Rooney
63%
Night at the Museum: Secret of the Tomb Rebel Wilson
63%
The Internship Vince Vaughn
63%
Free Guy Joe Keery
50%
The Adam Project Mark Ruffalo
50%
Cheaper by the Dozen, The Pink Panther Steve Martin
50%
The Adam Project Zoe Saldaña
50%
Night at the Museum: Battle of the Smithsonian Amy Adams
38%
Night at the Museum Carla Gugino
38%
Free Guy, Deadpool & Wolverine Channing Tatum
38%
Night at the Museum, Night at the Museum: Secret of the Tomb Dick Van Dyke
38%
Reel Steel Evangeline Lilly
38%
Night at the Museum: Battle of the Smithsonian Hank Azaria
38%
The Adam Project Jennifer Garner
38%
Big Fat Liar Paul Giamatti
38%
Night at the Museum, Night at the Museum: Battle of the Smithsonian, Night at the Museum: Secret of the Tomb Ricky Gervais
38%
Date Night Steve Carell
38%
Reel Steel Anthony Mackie
25%
Night at the Museum: Secret of the Tomb Ben Kingsley
25%
Night at the Museum, Night at the Museum: Secret of the Tomb Bill Cobbs
25%
Night at the Museum, Night at the Museum: Battle of the Smithsonian, Night at the Museum: Secret of the Tomb Brad Garrett
25%
Night at the Museum: Battle of the Smithsonian Jonah Hill
25%
Night at the Museum: Battle of the Smithsonian Jon Bernthal
25%
The Internship Josh Gad
25%
Date Night Mark Wahlberg
25%
Night at the Museum Paul Rudd
25%
Night at the Museum, Night at the Museum: Battle of the Smithsonian, Night at the Museum: Secret of the Tomb Steve Coogan
25%
Date Night, This Is Where I Leave You Tina Fey
25%
Deadpool & Wolverine Aaron Stanford
13%
This Is Where I Leave You Adam Driver
13%
Night at the Museum: Secret of the Tomb Alice Eve
13%
Just Married Ashton Kutcher
13%
Night at the Museum: Battle of the Smithsonian Bill Hader
13%
Cheaper by the Dozen Bonnie Hunt
13%
Just Married Brittany Murphy
13%
Night at the Museum: Battle of the Smithsonian Christopher Guest
13%
Reel Steel Dakota Goya
13%
Night at the Museum: Secret of the Tomb Dan Stevens
13%
Night at the Museum: Battle of the Smithsonian Ed Helms
13%
Deadpool & Wolverine Emma Corrin
13%
This Is Where I Leave You Jason Bateman
13%
Night at the Museum: Battle of the Smithsonian Jay Baruchel
13%
The Pink Panther Jean Reno
13%
Free Guy Jodie Comer
13%
Reel Steel Kevin Durand
13%
Free Guy Lil Rel Howery
13%
Deadpool & Wolverine Matthew Macfadyen
13%
Night at the Museum: Battle of the Smithsonian Mindy Kaling
13%
Night at the Museum, Night at the Museum: Battle of the Smithsonian, Night at the Museum: Secret of the Tomb Mizuo Peck
13%
Deadpool & Wolverine Morena Baccarin
13%
Night at the Museum, Night at the Museum: Battle of the Smithsonian, Night at the Museum: Secret of the Tomb Patrick Gallagher
13%
Deadpool & Wolverine Rob Delaney
13%
The Adam Project Walker Scobell
13%
Big Fat Liar Amanda Bynes
0%
The Pink Panther Beyoncé
0%
This Is Where I Leave You Corey Stoll
0%
Night at the Museum: Battle of the Smithsonian Craig Robinson
0%
The Pink Panther Emily Mortimer
0%
Night at the Museum: Battle of the Smithsonian Eugene Levy
0%
Cheaper by the Dozen Hillary Duff
0%
This Is Where I Leave You Jane Fonda
0%
Big Fat Liar Lee Majors
0%
Deadpool & Wolverine Leslie Uggams
0%
Night at the Museum: Secret of the Tomb Rachael Harris
0%
The Internship, This Is Where I Leave You Rose Byrne
0%
Free Guy Taika Watiti
0%
Date Night Taraji P. Henson
0%
Cheaper by the Dozen Tom Welling
0%
No matching quizzes found
Score Distribution
Percent of People with Each Score
Percentile by Number Answered
Your Score History
You have not taken this quiz